J. G. Fichte, Gesamtausgabe, II, 14, Nachgelassene Schriften, 1812-1813, hrsg. von E. Fuchs, R. Lauth, H. G. von Manz, I. Radrizzani, P. K. Schneider, M. Siegel, G. Zöller, Stuttgart-Bad Cannstatt, Frommann-Holzboog, 2006, 475 p. (notice n° 1657381)
[ vue normale ]
| 000 -LEADER | |
|---|---|
| fixed length control field | 00700cam a2200145 4500500 |
| 005 - DATE AND TIME OF LATEST TRANSACTION | |
| control field | 20260208010620.0 |
| 041 ## - LANGUAGE CODE | |
| Language code of text/sound track or separate title | fre |
| 042 ## - AUTHENTICATION CODE | |
| Authentication code | dc |
| 100 10 - MAIN ENTRY--PERSONAL NAME | |
| Personal name | Vaysse, Jean-Marie |
| Relator term | author |
| 245 00 - TITLE STATEMENT | |
| Title | J. G. Fichte, Gesamtausgabe, II, 14, Nachgelassene Schriften, 1812-1813, hrsg. von E. Fuchs, R. Lauth, H. G. von Manz, I. Radrizzani, P. K. Schneider, M. Siegel, G. Zöller, Stuttgart-Bad Cannstatt, Frommann-Holzboog, 2006, 475 p. |
| 260 ## - PUBLICATION, DISTRIBUTION, ETC. | |
| Date of publication, distribution, etc. | 2007.<br/> |
| 500 ## - GENERAL NOTE | |
| General note | 33 |
| 786 0# - DATA SOURCE ENTRY | |
| Note | Revue philosophique de la France et de l'étranger | 132 | 2 | 2007-06-01 | p. 201zo-265zo | 0035-3833 |
| 856 41 - ELECTRONIC LOCATION AND ACCESS | |
| Uniform Resource Identifier | <a href="https://shs.cairn.info/revue-philosophique-2007-2-page-201zo?lang=fr&redirect-ssocas=7080">https://shs.cairn.info/revue-philosophique-2007-2-page-201zo?lang=fr&redirect-ssocas=7080</a> |
Pas d'exemplaire disponible.




Réseaux sociaux